LIBRARY & INFORMATION CENTRE, KCAET, TAVANUR

ONLINE PUBLIC ACCESS CATALOGUE (OPAC)

Effect of mulching and nutrient sources on the production of salad cucumber inside and outside naturally ventilated green house (Record no. 15084)

MARC details
000 -LEADER
fixed length control field 00925nam a22001817a 4500
003 - CONTROL NUMBER IDENTIFIER
control field OSt
088 ## - REPORT NUMBER
Report number P 186
100 ## - MAIN ENTRY--AUTHOR NAME
Personal name DAYANA SCARIA
-- MANOJ K. UNNI
-- SONIYA BABY
245 ## - TITLE STATEMENT
Title Effect of mulching and nutrient sources on the production of salad cucumber inside and outside naturally ventilated green house
260 ## - PUBLICATION, DISTRIBUTION, ETC. (IMPRINT)
Place of publication Tavanur 2008
Name of publisher Kelappaji College of Agricultural Engineering and Technology
300 ## - PHYSICAL DESCRIPTION
Number of Pages 45
500 ## - GENERAL NOTE
General note Effect of mulching and nutrient sources on the production of salad cucumber inside and outside naturally ventilated green house
520 ## - SUMMARY, ETC.
Summary, etc a study was conducted to compare the growth and yield of salad cucumber inside and outside a naturally ventilated greenhouse. The experiment was done nearer to PFDC building
700 ## - ADDED ENTRY--PERSONAL NAME
Personal name Er. E. K Mathew (Guide)
856 ## - ELECTRONIC LOCATION AND ACCESS
Uniform Resource Identifier https://drive.google.com/open?id=164Qo85DIyi3VF0qjq46AjFqa_KFm8lCl
942 ## - ADDED ENTRY ELEMENTS (KOHA)
Koha item type Project Report
Holdings
Collection code Home library Current library Shelving location Full call number Accession Number Koha item type
Reference KAUAET KAUAET Reference 631.587 DAY/EF P 186 Project Report
free website counter